Statistics for En Çok Turist Ağırlayan Ülkeler (İhmallerle)

Click here to take the quiz!

General Stats

  • This quiz has been taken 1 034 times
  • The average score is 9 of 20

Answer Stats

Dünya SıralamasıYabancı Turist SayısıÜlke% Correct
645.8 mTürkiye
98%
379.6 mAmerika Birleşik Devletleri
91%
462.9 mÇin
80%
1131.1 mJaponya
67%
1721.1 mKanada
62%
2017.4 mHindistan
59%
2615.3 mGüney Kore
55%
741.4 mMeksika
54%
3511.3 mMısır
52%
389.25 mAvustralya
42%
2715.3 mSuudi Arabistan
42%
3113.4 mEndonezya
36%
938.3 mTayland
36%
2415.9 mBirleşik Arap Emirlikleri
29%
3212.3 mFas
28%
3710.5 mGüney Afrika
26%
1425.8 mMalezya
20%
2515.5 mVietnam
19%
2814.7 mSingapur
18%
3611.0 mTayvan
16%

Score Distribution

Percentile by Number Answered

Percent of People with Each Score

Your Score History

You have not taken this quiz